000 00869nam a22002297a 4500
001 38429
003 BD-RjUL
005 20211209052809.0
008 151201s1982 bg ||||| |||| 00| 0 ben d
035 _a(BD-RjUL)38534
040 _aBD-RjUL
_bben
_cBD-RjUL
041 _aben
082 _222
_a190
_bISS 1982
100 _aইসলাম, আমিনুল
_9118700
245 _aসমকালীন পাশ্চাত্য দর্শন /
_cআমিনুল ইসলাম
260 _aঢাকা :
_bবাংলা একাডেমী,
_c১৯৮২
300 _a[ষোল], ৫১৪ পৃ. ;
_c২২ সেমি.
504 _aবিবলিওগ্রাফি ও ইনডেক্স আছে.
650 _aদর্শন, পাশ্চাত্য
_9118701
650 _a Philosophy, European
_9118702
942 _2ddc
_cBK
_027
999 _c38429
_d38429